Avtomatizacija izmerenij i obrabotki dannych fizičeskogo eksperimenta /

Gespeichert in:
Bibliographische Detailangaben
Hauptverfasser: Nikitin, V.A (Verfasst von), Ososkov, G.A (Verfasst von)
Format: Buch
Sprache:Russisch
Veröffentlicht: Moskva : IMV, 1986
Ausgabe:1.vyd.
Tags: Tag hinzufügen
Keine Tags, Fügen Sie das erste Tag hinzu!

MARC

LEADER 00000nam a22000003a 4500
001 stu7599
005 20150617225806.9
008 950331s1986----xxr-----------------rus-d
040 |a STU  |b slo 
041 0 |a rus 
044 |a xxr 
080 |a 53.05 
080 |a 681.3 
100 1 |a Nikitin, V.A  |4 aut 
245 1 |a Avtomatizacija izmerenij i obrabotki dannych fizičeskogo eksperimenta /  |c [aut.] Nikitin,V.A.; Ososkov,G.A 
250 |a 1.vyd. 
260 |a Moskva :  |b IMV,  |c 1986 
300 |a 184 s 
700 1 |a Ososkov, G.A  |4 aut 
996 |b E61774  |c E*61774  |l EE10  |s P  |a 0  |w stu7599_0001